LDR 00699naa#a2200169#i#450# 001 EN\\bibl\121511 005 20260502014121.6 011 ## _a1994-5655 100 ## _a20260428b2026####ek#y0engy0150####ca 102 ## _aRU 200 1# _aAgitation activities of the party and local authorities to increase the mobilization readiness of the population of Kabardino-Balkaria in the initial period of the Great Patriotic War _eJournal article 210 1# _aSyktyvkar _cFSBI FIC "Komi Scientific Center of the Ural Branch of the Russian Academy of Sciences" _d2026 215 ## _a3 с. 608 ## _aJournal article _2local 675 ## _aВсеобщая история. 94 _z 700 #1 _aDzhakeli _gA. E. 856 4# _akomisc.editorum.ru _u